| 000 | 00543nam a2200181Ia 4500 | ||
|---|---|---|---|
| 999 |
_c3665 _d3665 |
||
| 003 | GBCCL | ||
| 005 | 20241126110500.0 | ||
| 008 | 171201b xxu||||| |||| 00| 0 eng d | ||
| 040 | _cgbc | ||
| 082 |
_aVER 253.0922 _bNEN |
||
| 100 |
_aNengsong, H _97266 |
||
| 245 |
_aConvention Orden Upate Tanchin (1921-2009) / _cH. Nengsong |
||
| 260 |
_bAuthor, _aHiangtam Lamka, _c2010 |
||
| 300 |
_a555p.; _bill., _c23 cm. |
||
| 650 |
_aChurch leaders _vBiographies _97271 |
||
| 650 |
_aEvangelical Baptist Convention _zManipur _zIndia _97268 |
||
| 942 |
_2ddc _cBK |
||